00883nam a22002297a 450000500170000001000150001702000260003203500140005803700130007208200150008510000330010024500860013326000490021927000720026830000220034050000510036270000320041370000250044594200290047099900190049995201350051820240112143700.0 aENG-138876 a9789385932939c850.00 aEN-122408 bDBAD/PUB a305.420954 aMangubhai, Jayshree P960907 aA Foot in the Door/cJayshree P Mangubhai, Aloysius Irudayam SJ and Emma Sydenham c2020bZubaan Publishers Pvt. Ltd.aNew Delhi a128 b Shahpur Jat, 1st FloorbNEW DELHIe110049mwww.zubaanbook.com c23cm(hbk)a352p.  aIncludes bibliographical references and index  aAloysius Irudayam SJ960908 aEmma Sydenham960909 cEN2ddcmMANh305.420954 c200122d200122 001040708NFICaZLSbZLSd2024-01-12eDBADg850.00l0oMAN 305.420954pEN-122408r2024-01-12 00:00:00t1v850.00w2024-01-12yEN